Naufragio / (Registro nro. 21245)
[ vista simple ]
| 000 -CABECERA | |
|---|---|
| campo de control de longitud fija | 00670nam a2200217 a 4500 |
| 001 - NÚMERO DE CONTROL | |
| campo de control | 000021746 |
| 005 - FECHA Y HORA DE LA ÚLTIMA TRANSACCIÓN | |
| campo de control | 20200930011432.0 |
| 008 - DATOS DE LONGITUD FIJA--INFORMACIÓN GENERAL | |
| campo de control de longitud fija | 100910s1999 pr r 000 f spa d |
| 020 ## - NÚMERO INTERNACIONAL ESTÁNDAR DEL LIBRO | |
| Número Internacional Estándar del Libro | 1563280981 |
| 040 ## - FUENTE DE LA CATALOGACIÓN | |
| Centro catalogador/agencia de origen | DO-SdBNP |
| Lengua de catalogación | spa |
| Centro/agencia transcriptor | BNPHU |
| 082 ## - NÚMERO DE LA CLASIFICACIÓN DECIMAL DEWEY | |
| Número de clasificación | 894.511 |
| Número de documento/Ítem | B282n |
| 049 ## - FONDOS LOCALES (OCLC) | |
| Fondos de biblioteca | BNGR |
| 100 1# - ENTRADA PRINCIPAL--NOMBRE DE PERSONA | |
| Nombre de persona | Barsy, Kalman, |
| Fechas asociadas al nombre | 1942- |
| 9 (RLIN) | 39130 |
| 245 10 - MENCIÓN DE TÍTULO | |
| Título | Naufragio / |
| Mención de responsabilidad, etc. | Kalman Barsy. |
| 260 ## - PUBLICACIÓN, DISTRIBUCIÓN, ETC. | |
| Lugar de publicación, distribución, etc. | Río Piedras, Puerto Rico : |
| Nombre del editor, distribuidor, etc. | Plaza Mayor, |
| Fecha de publicación, distribución, etc. | 1999. |
| 300 ## - DESCRIPCIÓN FÍSICA | |
| Extensión | 221, [3] p. ; |
| Dimensiones | 21 cm. |
| 490 1# - MENCIÓN DE SERIE | |
| Mención de serie | Biblioteca de autores de Puerto Rico |
| 650 #4 - PUNTO DE ACCESO ADICIONAL DE MATERIA--TÉRMINO DE MATERIA | |
| Término de materia o nombre geográfico como elemento de entrada | Novela húngara |
| 9 (RLIN) | 45196 |
| 650 #4 - PUNTO DE ACCESO ADICIONAL DE MATERIA--TÉRMINO DE MATERIA | |
| Término de materia o nombre geográfico como elemento de entrada | Literatura húngara |
| Subdivisión cronológica | SIGLO XX |
| 9 (RLIN) | 45197 |
| 830 #0 - PUNTO DE ACCESO ADICIONAL DE SERIE-TÍTULO UNIFORME | |
| Título uniforme | Biblioteca de autores de Puerto Rico |
| 9 (RLIN) | 9722 |
No hay ítems disponibles.
